000 00419cam a2200157ua 4500
041 _aeng
_h
082 _a575
_bNEW/EV
100 _aNewman, Horatio Hackett .
245 _aEvolution, genetics and eugenics /
_cHoratio Hackett Newman.
_hTextual Documents
250 _a3 /
_b.
260 _aChicago :
_bUniversity of Chicago Press ,
_c1932.
300 _a619 ; .
504 _a
942 _cBK
999 _c5706
_d5706